Teoría de la técnica psicoanalítica /

Gespeichert in:
Bibliographische Detailangaben
1. Verfasser: Menninger, Karl A. (autor)
Weitere Verfasser: Holzman, Philip S. (autor) (autor)
Format: Buch
Sprache:Spanisch
Veröffentlicht: Buenos Aires, Argentina : Psique, 1974, c1974
Ausgabe:2a edición
Schlagworte:
Tags: Tag hinzufügen
Keine Tags, Fügen Sie das erste Tag hinzu!

MARC

LEADER 00000nam^a2200000^a^4500
001 000170318
005 20250521000000.0
009 20260310101307.125
037 |a Acervo ITESO - Biblioteca 
041 |a ESP 
082 |a 150. 195  |b MEN 
100 |a Menninger, Karl A.  |e (autor) 
245 1 0 |a Teoría de la técnica psicoanalítica /  |c K.A. Menniger, P.S. Holzman ; tr. por Mario Arnaldo Marino. 
250 |a 2a edición 
264 4 |a Buenos Aires, Argentina :  |b Psique,  |c 1974, c1974 
300 |a 269 p. 
336 |a texto  |b txt  |2 rdacontenido 
337 |a sin mediación  |b n  |2 rdamedio 
338 |a volumen  |b nc  |2 rdasoporte 
500 |a Traducción de: Theory of Psychoanalytic Thechnique 
649 |a XX 
650 |a Psicoanálisis -  |x Técnica 
650 |a Psicoanálisis -  |x Teoría 
650 |a Transferencia (Psicoanálisis) 
650 |a Contratransferencia 
650 |a Resistencia (Psicoterapia) 
650 |a Relación Analítica 
650 |a Relación Terapéutica 
650 |a Regresión (Psicoanálisis) 
650 |a Psicoterapia 
650 |a Psicoanálisis 
650 |a Psicología 
700 |a Holzman, Philip S.  |e (autor) 
910 |a Fondo Armando Suárez Gómez 
920 |a Impresos - Libros 
930 |a Fondos Especiales 
905 |a 111 
901 |a 0700000538  |b IT2  |c ESP  |u 20250521 
902 |a https://opac.biblio.iteso.mx/vufind/Record/000170318